| 000 | 01079nam a22002537a 4500 | ||
|---|---|---|---|
| 005 | 20170124103111.0 | ||
| 010 | _aB-158007 | ||
| 020 |
_c175.00 _a8177140655 |
||
| 035 | _aB-158007 | ||
| 037 | _bCen Lib/Ret | ||
| 040 |
_aDPL _bHN |
||
| 082 |
_a420 _bतरुण |
||
| 100 |
_aतरुण, हरिवंश _979832 |
||
| 245 |
_aमानक हिंदी शिक्षण / _cहरिवंश तरुण |
||
| 246 |
_aManak hindi shikshan / _bby Hrivansh Tarun |
||
| 260 |
_aनयी दिल्ली _bप्रकाशन संस्थान _c2002 |
||
| 270 |
_bनयी दिल्ली _a4715/21, दयानंद मार्ग, दरियागंज _e110002 |
||
| 300 |
_a170पृ. _c20सेमी(सजिल्द ) |
||
| 650 |
_aहिन्दी --भाषा _x _z _979833 |
||
| 650 |
_aमानक हिन्दी --भाषा--शिक्षण _979834 |
||
| 650 |
_aHindi--language _99446 |
||
| 650 |
_aStandard Hindi--language--teaching _979835 |
||
| 942 |
_2ddc _cHN _h420 _mतरुण |
||
| 999 |
_c118381 _d118381 |
||